Najlepsze drużyny piłkarskie w małopolsce do Ekstraklasa - 3 liga - Statystyki

Ogólne statystyki
  • Ten quiz został rozwiązany 68 razy
    47 od ostatniego zresetowania
  • Średni wynik to 7 z 11
Statystyki odpowiedzi
Hint Odpowiedź % Poprawnych
Ekstraklasa Cracovia
100%
1 liga Wisła Kraków
100%
2 liga Wieczysta Kraków
91%
Ekstraklasa Puszcza Niepołomice
88%
2 liga Hutnik Kraków
81%
1 liga Bruk-Bet Termalica Nieciecza
69%
3 liga gr. IV Sandecja Nowy Sącz
66%
3 liga gr. IV Unia Tarnów
56%
3 liga gr. IV Podhale Nowy Targ
41%
3 liga gr. IV Wisła II Kraków
31%
3 liga gr. IV Wiślanie Skawina
22%
Nie znaleziono quizów pasujących do podanych kryteriów
Rozkład punktacji
Procent ludzi z każdym wynikiem
Percentyl według liczby udzielonych odpowiedzi
Twoja historia wyników
Nie rozwiązałeś tego quizu od ostatniego zresetowania